000 00307nam a22001337a 4500
008 170505b xxu||||| |||| 00| 0 eng d
020 _a9781609301453
041 _aeng
080 _26 ED
_a34
100 _a14
101 _aSHJ
245 _aPRODUCT LIABILLITY AND SAFETY
_cOWEN.D.G
942 _2udc
_cBK
999 _c12828
_d12828